000
00272nam a2200121Ia 4500
005
20260328101510.0
008
260328s9999||||xx |||||||||||||| ||und||
100
_a
CIAM
245
0
_a
La ChArte D' Athenes /
_c
CIAM
260
_b
De Minuit
650
_a
URBANISMO
942
_c
BK
999
_c
9154
_d
9154